Cantares y poemas de Soledad /

Guardado en:
Bibliografiske detaljer
Hovedforfatter: Ulloa Barrenechea, Ricardo
Format: Ukendt
Sprog:Spanish
Udgivet: Madrid, España : Talleres Gráficas Benzal, 1957.
Fag:
Tags: Tilføj Tag
Ingen Tags, Vær først til at tagge denne postø!

MARC

LEADER 000000000a22000000004500
001 003024
041 0 |a spa 
082 0 4 |a CR861.4   |b U47ca 
100 1 |a Ulloa Barrenechea, Ricardo 
245 1 0 |a Cantares y poemas de Soledad /   |c Ricardo Ulloa Barrenechea. 
260 1 |a Madrid, España :   |b Talleres Gráficas Benzal,   |c 1957. 
300 |a 60 páginas 
650 4 |a LITERATURA COSTARRICENSE 
650 4 |a POESIA 
999 |c 9340  |d 9340 
942 |c BK  |h CR861.4 U47ca  |2 z